00651 a2200229 4500001000700000020002300007041000800030090001700038092001300055100002300068250001200091300001200103697001700115697002300132856002400155040002500179245004200204260003600246942000700282952011300289999001900402105577 a068813680X (trade) apor aP Year 7 398 a94027292 aHuck, Charlotte S. a1st ed. a[30] p. aFairy tales. aFolklore - France. u00000a/00000a28.jpg aBR-BrIDEAcBR-BrIDEA10aToads and diamondsc Charlotte S Huck a[S.l.]bGreenwillow Booksc1996 cBK 00102ddc4070a12.28b12.28d2016-12-08l0oP Year 7 398p00026222SSWr2024-01-23 14:30:38w2024-01-23yBK c105577d105577